01112nas a2200169 a 450000500170000000700030001700800410002004000250006111000580008624500900014426001090023430000560034336200340039950003790043350000670081265000630087920251029085837.0ta241007e2023 dr |||||r||||||0| ||spa d aDO-SdBNPcBNPHUerda aInstituto de Dominicanos y Dominicanas en el Exterior aDe Quisqueya para el Mundo / cInstituto de Dominicanos y Dominicanas en el Exterior. aSanto Domingo, República Dominicana : bInstituto de Dominicanos y Dominicanas en el Exterior, c2023. avolumen : bilustraciones, fotografías ; c28 cm. aAño 1. No.1. (Jul-Dic 2023) aEl Instituto de Dominicanos y Dominicanas en el Exterior, a través de la Dirección de Fomento de la Identidad Nacional lanza el primer número de la revista De Quisqueya para el Mundo es una revista dedicada a los dominicanos que viven en el extranjero, proporcionando contenido informativo y cultural que conecta a la diáspora con su identidad y herencia dominicana. aDonado: Instituto de Dominicanos y Dominicanas en el Exterior. 0aIdentidad cultural dominicanavPublicaciones periódicas